|
|
|
|
| LEADER |
00000nam0a2200000 4500 |
| 001 |
311035 |
| 005 |
20231102002339.0 |
| 020 |
|
|
|a RU
|b 80-10110
|
| 035 |
|
|
|a (RuTPU)RU\TPU\book\336390
|
| 090 |
|
|
|a 311035
|
| 100 |
|
|
|a 20151202d1979 km y0rusy5003 ca
|
| 101 |
0 |
|
|a rus
|
| 102 |
|
|
|a UZ
|
| 105 |
|
|
|a a z 001zy
|
| 200 |
1 |
|
|a Координатно-чувствительные детекторы
|f В. Ф. Клейменов [и др.]
|g Академия наук Узбекской ССР (АН УзССР), Институт ядерной физики (ИЯФ) ; под ред. Ю. Н. Таланин
|
| 210 |
|
|
|a Ташкент
|c Фан
|d 1979
|
| 215 |
|
|
|a 144 с.
|c ил.
|
| 320 |
|
|
|a Библиогр. в конце ст.
|
| 606 |
1 |
|
|a Детекторы ионизирующих излучений
|x Чувствительность
|2 stltpush
|3 (RuTPU)RU\TPU\subj\9342
|9 36603
|
| 610 |
1 |
|
|a газоразрядные детекторы
|
| 610 |
1 |
|
|a искровые камеры
|
| 610 |
1 |
|
|a полупроводниковые детекторы
|
| 610 |
1 |
|
|a изготовление
|
| 610 |
1 |
|
|a технология
|
| 610 |
1 |
|
|a координатное детектирование
|
| 610 |
1 |
|
|a магнитные спектрометры
|
| 610 |
1 |
|
|a координатные счетчики
|
| 610 |
1 |
|
|a применение
|
| 675 |
|
|
|a 539.1.074
|z rus
|v 3
|
| 701 |
|
1 |
|a Клейменов
|b В. Ф.
|
| 701 |
|
1 |
|a Коблик
|b Ю. Н.
|
| 701 |
|
1 |
|a Кузьмин
|b В. Н.
|
| 701 |
|
1 |
|a Мазитов
|b Б. С.
|
| 702 |
|
1 |
|a Таланин
|b Ю. Н.
|4 340
|
| 712 |
0 |
2 |
|a Академия наук Узбекской ССР (АН УзССР)
|b Институт ядерной физики (ИЯФ)
|2 stltpush
|3 (RuTPU)RU\TPU\col\11486
|
| 801 |
|
0 |
|a RU
|b RuMRKP
|c 19950704
|g psbo
|
| 801 |
|
1 |
|a RU
|b 63413507
|c 20151202
|
| 801 |
|
2 |
|a RU
|b 63413507
|c 20191016
|g RCR
|
| 942 |
|
|
|c BK
|